Lập trình Turbo Pascal
Sách trình bày kỹ thuật xây dựng chương trình song song với việc giới thiệu ngôn ngữ lập trình Pascal. Các ví dụ ứng dụng tổng hợp ở cuối chương được chọn lọc để minh họa những vấn đề lý thuyết trình bày trong chương đó....
Tallennettuna:
| Päätekijä: | |
|---|---|
| Aineistotyyppi: | Kirja |
| Kieli: | Undetermined |
| Julkaistu: |
Hà Nội
Đại học Quốc gia Hà Nội
2006
|
| Aiheet: | |
| Tagit: |
Lisää tagi
Ei tageja, Lisää ensimmäinen tagi!
|
| Thư viện lưu trữ: | Trung tâm Học liệu Trường Đại học Cần Thơ |
|---|
| LEADER | 00970nam a2200205Ia 4500 | ||
|---|---|---|---|
| 001 | CTU_114381 | ||
| 008 | 210402s9999 xx 000 0 und d | ||
| 020 | |c 40800 | ||
| 082 | |a 005.133 | ||
| 082 | |b H401 | ||
| 100 | |a Nguyễn, Đình Hóa | ||
| 245 | 0 | |a Lập trình Turbo Pascal | |
| 245 | 0 | |c Nguyễn Đình Hóa | |
| 260 | |a Hà Nội | ||
| 260 | |b Đại học Quốc gia Hà Nội | ||
| 260 | |c 2006 | ||
| 520 | |a Sách trình bày kỹ thuật xây dựng chương trình song song với việc giới thiệu ngôn ngữ lập trình Pascal. Các ví dụ ứng dụng tổng hợp ở cuối chương được chọn lọc để minh họa những vấn đề lý thuyết trình bày trong chương đó. | ||
| 650 | |a Pascal ( computer programs ),Programming languages ( electronic computers ) | ||
| 904 | |i M.Loan | ||
| 980 | |a Trung tâm Học liệu Trường Đại học Cần Thơ | ||